Catalog

Record Details

Catalog Search



Available copies

  • 3 of 3 copies available at LARL/NWRL Consortium. (Show)
  • 2 of 2 copies available at Lake Agassiz Regional Library.

Current holds

0 current holds with 3 total copies.

Show Only Available Copies
Location Call Number / Copy Notes Barcode Shelving Location Status Due Date
Crookston Public Library Y SAN (Text) 33500012102703 Main Available -
Fosston Public Library Y SAN (Text) 33500012102695 Main Available -

Record details

  • ISBN: 9780385753098
  • ISBN: 0385753098
  • ISBN: 9780385753104
  • ISBN: 0385753101
  • Physical Description: 325 pages ; 24 cm.
  • Edition: First edition.
  • Publisher: New York : Alfred A. Knopf, [2015]

Content descriptions

Summary, etc.:
Shay Remby and her gang of renegades have struck a ... Read More
Subject: Memory transfer > Fiction.
Criminal investigation > Fiction.
Genre: Adventure fiction.
Science fiction.
LDR 01893cam a2200421Ii 4500
001177194
003LARL_NWRL_CONSORTIUM
00520150715092922.0
008150511t20152015nyu 000 f eng d
020 . ‡a9780385753098 ‡q(trade)
020 . ‡a0385753098 ‡q(trade)
020 . ‡a9780385753104 ‡q(lib. bdg.)
020 . ‡a0385753101 ‡q(lib. bdg.)
035 . ‡a(OCoLC)914296345 ‡z(OCoLC)908695069
08204. ‡a813.54 ‡223
1001 . ‡aSandford, John, ‡d1944 February 23- ‡eauthor. ‡0(LARL_NWRL_CONSORTIUM)220778
24510. ‡aOutrage ‡n#2 / ‡cJohn Sandford & Michele Cook.
250 . ‡aFirst edition.
264 1. ‡aNew York : ‡bAlfred A. Knopf, ‡c[2015]
264 4. ‡c©2015
300 . ‡a325 pages ; ‡c24 cm.
336 . ‡atext ‡2rdacontent
337 . ‡aunmediated ‡2rdamedia
338 . ‡avolume ‡2rdacarrier
4900 . ‡aSingular menace ; ‡v2
520 . ‡aShay Remby and her gang of renegades have struck a blow to the Singular Corporation by rescuing Shay's brother and Fenfang, a girl who literally knows too much. Can the knowledge brought by these ex-captives help Shay and her friends expose the crimes of this corrupt corporation?
650 0. ‡aMemory transfer ‡vFiction.
650 0. ‡aCriminal investigation ‡vFiction.
655 7. ‡aAdventure fiction. ‡2gsafd
655 7. ‡aScience fiction. ‡2gsafd
7001 . ‡aCook, Michele, ‡eauthor.
901 . ‡a177194 ‡bOCLC ‡c177194 ‡tbiblio

Additional Resources